000 00672nam a2200205Ia 4500
008 131103s9999 xx 000 0 und d
020 _a019566216 4
_cRs. 595
040 _aLoreto College
041 _aEnglish
082 _a307.72/SCO
_bLCLIB/42421
245 _aAgarian Studies
_cedited by James C.Scott and Nina Bhatt
260 _aOxford
_bOxford University Press
_c2002
300 _aviii,310 p.
_b ill., figures
_c 24 cm.
504 _aIncludes bibliographical references and index
650 _aSocial Science -
651 _aCommunities - Rural communities - Rural sociology -
700 _aScott, James C.,ed.
850 _aLCLIB/307.72/SCO
942 _cBK
999 _c1686
_d52165